000 00684nab a2200193 4500
001 244442
003 OSt
005 20240919125959.0
007 tu
008 200917s2020|||||||
040 _aDE-2950
_cDE-2950
245 0 0 _aIn Sorge um die Demokratie
_bInterview. Warum sich Christian Gehlsen, einst Leiter des Wichernheimes in Frankfurt (O) und Bürgerrechtler, heute um die Demokratie fast so viele Sorgen macht wie vor 35 Jahren/
_cDietrich Schröder
264 _c2024
653 _aFrankfurt (Oder)
653 _aChristian Gehlsen
653 _aInterview
773 0 _g35. Jahrgang (2024) Nr. 215 vom 13.09.2024, S. 15 , mit Foto
_tMärkische Oderzeitung
942 _2z
_cA
999 _c373335
_d373335